000 00589nam a22002177a 4500
003 UA-OsUOA
001 45148
007 ta
008 20070329b un ||||| |||| 00| 0 ukr d
100 _aГраюовський С.
090 _a32
_bГ-11
942 _cSA
040 _aUA-OsUOA
_bukr
_cUA-OsUOA
_dUA-OsUOA
245 _aСучасний український націоналізм: рух у невідоме
300 _aС.127-135
955 _a0
041 _aukr
080 _a32
773 0 _w45147
_tСучасність
_dК.
_d2007
_g2
650 7 _a32 Політика
_2UDC
999 _c331256
_d331256